| 000 | 00679nam a2200181 a 4500 | ||
|---|---|---|---|
| 020 | _a2709913879 | ||
| 040 | _cDLC | ||
| 082 | 0 | 0 | _a630 EDI 1998 A048 Or. |
| 245 | 0 | 3 |
_aLa Conduite du champ cultivé : _bpoints de vue d'agronomes / |
| 260 |
_aParis : _bEditions de l'Orstom, Institut français de recherche scientifique pour le développement en coopération, _c1998. |
||
| 300 |
_a339 p. : _bill., maps ; _c24 cm. |
||
| 490 | 1 | _aCollection Colloques et séminaires, | |
| 500 | _aPapers from a meeting held in Montpellier, September 1994, and organized by ORSTOM. | ||
| 650 | 0 | _aAgronomy | |
| 700 | 1 | _aBiarnès, Anne. | |
| 710 | 2 | _aO.R.S.T.O.M. (Agency : France) | |
| 942 | _cFB | ||
| 999 |
_c13847 _d13847 |
||